Boletn̕ Mercantil

Bibliographic Details
Format: eBook
Language:Spanish
Published: Barcelona : CMS Albiąna & Sur̀ez de Lezo, 2010-
Subjects:
Online Access:http://www.vlex.com/source/10910

MARC

LEADER 00000nam a22000007a 4500
005 20130502192209.0
007 cr|||| ||||
008 130502e2010 sp |||||s|||| 00||0 spa d
035 |a 10910 
040 |a vLex 
090 |c 4256  |d 4256 
245 0 0 |a Boletn̕ Mercantil  |h [Recurso electrn̤ico]  
256 |a Servicio en ln̕ea 
260 |a Barcelona :  |b CMS Albiąna & Sur̀ez de Lezo,  |c 2010- 
300 |a 1 Recurso electrn̤ico 
506 |d vLex Global  |d vLex Global (Academic Edition, excluding Law Schools)  |d vLex Global (U.S. Academic Edition, Law Schools)  |d vLex Global (U.S. Academic Edition, excluding Law Schools)  |d vLex Global (Academic Edition, Law Schools) 
650 0 4 |a Administracin̤ (Management)   |v Revistas 
650 0 4 |a Economa̕  |v Revistas 
740 |a vLex Revistas (Servicio en ln̕ea) 
856 |a Acceso restringido  |u http://www.vlex.com/source/10910 
942 |c REV 
999 0 |a Management